| 000 | 00773nam a2200193Ia 4500 | ||
|---|---|---|---|
| 003 | GCL | ||
| 008 | 140319s9999 xx 000 0 ara d | ||
| 040 |
_aGCL / _cGCL |
||
| 082 | 0 | 4 |
_a320.956 _bع ن |
| 100 | 1 | _aبرهان غليون | |
| 245 | 1 | 0 |
_aنحو مشروع حضاري نهضوي عربي : _bبحوث ومناقشات الندوة الفكرية التي نظمها مركز دراسات الوحدة العربية / _cبرهان غليون |
| 700 | 1 | _aعبدالعزيز الدوري | |
| 260 |
_aبيروت : _bمركز دراسات الوحدة العربية ، _c2001 |
||
| 300 |
_a1167 ص ؛ _c27 سم |
||
| 650 | 0 | 4 | _aالديمقراطية |
| 650 | 0 | 4 | _aالوحدة العربية |
| 650 | 0 | 4 | _aالعدالة الاجتماعية |
| 942 |
_2ddc _cBK |
||
| 999 |
_c1996 _d1996 |
||